书目信息 |
| 题名: |
区域地磁变化场分析与建模关键技术研究
|
|
| 作者: | 牛超 著 | |
| 分册: | ||
| 出版信息: | 西安 西安电子科技大学出版社 2021.03 |
|
| 页数: | 142页 | |
| 开本: | 23cm | |
| 丛书名: | ||
| 单 册: | ||
| 中图分类: | P318.1 | |
| 科图分类: | ||
| 主题词: | 地磁场--di ci chang--地磁变化--研究 | |
| 电子资源: | ||
| ISBN: | 978-7-5606-5926-8 | |
| 000 | 01128nam0 2200253 450 | |
| 001 | 011025152819 | |
| 005 | 20221025152819.0 | |
| 010 | @a978-7-5606-5926-8@dCNY39.00 | |
| 100 | @a20201004d2021 em y0chiy0120 ea | |
| 101 | 0 | @achi |
| 102 | @aCN@b610000 | |
| 105 | @aa z 000yy | |
| 106 | @ar | |
| 200 | 1 | @a区域地磁变化场分析与建模关键技术研究@Aqu yu di ci bian hua chang fen xi yu jian mo guan jian ji shu yan jiu@f牛超等著 |
| 210 | @a西安@c西安电子科技大学出版社@d2021.03 | |
| 215 | @a142页@c图@d23cm | |
| 300 | @a国家自然科学基金项目成果 | |
| 304 | @a著者还有:李夕海、魏一苇、刘代志 | |
| 330 | @a本书以地球变化磁场物理机理分析为基础,以构建高精度区域地球变化磁场模型为目的,对地球变化磁场复杂度特性、单站预测模型、区域尺度特性、区域重构与综合预测模型等关键问题进行了深入研究。本书中进行的研究得到了国家自然科学基金以及中国博士后科学基金的支持。 | |
| 510 | 1 | @aResearch on key technology of regional geomagnetic variation field analysis and modeling@zeng |
| 606 | 0 | @a地磁场@Adi ci chang@x地磁变化@x研究 |
| 690 | @aP318.1@v5 | |
| 701 | 0 | @a牛超@Aniu chao@f(1986~)@4著 |
| 905 | @a河南城建学院图书馆@dP318.1@eN704 | |
| 区域地磁变化场分析与建模关键技术研究/牛超等著.-西安:西安电子科技大学出版社,2021.03 |
| 142页:图;23cm |
| 国家自然科学基金项目成果 |
| ISBN 978-7-5606-5926-8:CNY39.00 |
| 本书以地球变化磁场物理机理分析为基础,以构建高精度区域地球变化磁场模型为目的,对地球变化磁场复杂度特性、单站预测模型、区域尺度特性、区域重构与综合预测模型等关键问题进行了深入研究。本书中进行的研究得到了国家自然科学基金以及中国博士后科学基金的支持。 |
| ● |
| 相关链接 |
|
|
|
正题名:区域地磁变化场分析与建模关键技术研究
索取号:P318.1/N704
 
预约/预借
| 序号 | 登录号 | 条形码 | 馆藏地/架位号 | 状态 | 备注 |
| 1 | 1585884 | 215858846 | 自科库401/401自科库 126排2列5层/ [索取号:P318.1/N704] | 在馆 | |
| 2 | 1585885 | 215858855 | 自科库401/401自科库 126排2列5层/ [索取号:P318.1/N704] | 在馆 |